| 000 | 00742nam a2200241Ia 4500 | ||
|---|---|---|---|
| 003 | GCL | ||
| 008 | 140319s9999 xx 000 0 ara d | ||
| 040 |
_aGCL / _cGCL |
||
| 082 | 0 | 4 |
_a171 _bم ا |
| 100 | 1 | _aمحمد محمد مدين | |
| 245 | 1 | 0 |
_aالفريد يونج : دراسة فى منطق النقد الاخلاقى / _cمحمد محمد مدين |
| 300 | _a288 ص | ||
| 490 |
_aدراسات فى الميتا أخلاق _v0 |
||
| 650 | 0 | 4 | _aالواقعية |
| 650 | 0 | 4 | _aالوجودية |
| 650 | 0 | 4 | _aالاخلاق |
| 650 | 0 | 4 | _aالاخلاق - مذاهب |
| 650 | 0 | 4 | _aمبدأ اللذة |
| 650 | 0 | 4 | _aاللذة |
| 650 | 0 | 4 | _aالاخلاق - نظريات |
| 650 | 0 | 4 | _aالفريد يونج |
| 942 |
_2ddc _cBK |
||
| 999 |
_c39629 _d39629 |
||